| 000 | 00381nam a22001457a 4500 | ||
|---|---|---|---|
| 003 | MACL | ||
| 005 | 20170615122111.0 | ||
| 008 | 170615b xxu||||| |||| 00| 0 eng d | ||
| 040 | _cMACL | ||
| 100 |
_aOtta Braja Mohan _967497 |
||
| 245 | _aSocial Work : Theory and Practices | ||
| 260 |
_aNew Delhi _bS.K. Book Agency _c2014 |
||
| 650 |
_aSocial Science _967498 |
||
| 942 |
_2ddc _cBK |
||
| 999 |
_c56554 _d56554 |
||